000 01968nam a2200409 c 4500
001 129731
003 BLK
005 20240611102843.0
008 180409b bul|||||r ||||||| ||bul||
010 _aKNG00135471000
040 _aBLK
041 _aBUL
_cBUL
072 7 _2bullib
_aА
_xФонд Михаил Арнаудов
080 _aБългарска литература
_b821.163.2
_x(092)
_z821.163.2(092)
080 _aБългарска литература
_b821.163.2
_x.09
_z821.163.2.09
080 _aБиографии
_b929
_x(497.2)
_z929(497.2)
100 1 _aБогданов, Иван
_eпърви автор
_gГенчев, Иван Богданов
_9365495
139 _aБогданов, Иван
_bБ 54
245 1 0 _aЛитературни студии
_bПроблеми и профили
_cИван Богданов; * Иван Богданов Генчев.
257 _aBGR
260 _bБълг. писател
_c1966
300 _a288 с.
_c18 см
380 _a82
500 _a2 100 тир. - Библиогр. под линия. - Пълното име на авт. е Иван Богданов Генчев. - Фонд Михаил Арнаудов - Бележки: с. 79, 84, 90, 113, 114, 143 ; Подчертавания в текста ; Отбелязва място в кн.: с. 79, 109-127, 134, 223 и др.. - Твърда подв.
650 4 _aБългарска литература - критика
_9241969
653 _aбългарска литература
653 _aлитературна критика
659 _aА
700 _aГенчев, Иван Богданов
_9367896
852 _aЦб І 8331 ; Цб МА 1931
856 4 _qpdf
856 4 _qpdf
942 _cKNG
_n0
944 _aCR
_c23.10.2012
_lСевдалина Тодорова
_k30540
944 _aED
_c28.12.2016
_l23.10.2012 - от С1,Р / 23.10.2012
_kГеновева_Генчева
999 _c129731
_d129731
999 _d129731